Developed Countries - Statistics

General Stats
  • This quiz has been taken 23 times
    13 since last reset
  • The average score is 83 of 114
Answer Stats
Answer % Correct
United Kingdom
100%
United States
100%
Argentina
91%
Australia
91%
Belgium
91%
Bulgaria
91%
Canada
91%
Chile
91%
China
91%
Croatia
91%
Denmark
91%
France
91%
Germany
91%
Greece
91%
Iceland
91%
Ireland
91%
Israel
91%
Japan
91%
Latvia
91%
Luxembourg
91%
Norway
91%
Peru
91%
Poland
91%
Portugal
91%
Qatar
91%
Russia
91%
San Marino
91%
Slovakia
91%
Slovenia
91%
South Africa
91%
South Korea
91%
Spain
91%
Sweden
91%
Switzerland
91%
Turkey
91%
Ukraine
91%
United Arab Emirates
91%
Albania
82%
Algeria
82%
Andorra
82%
Austria
82%
Bahrain
82%
Brazil
82%
Colombia
82%
Costa Rica
82%
Czechia
82%
Egypt
82%
Estonia
82%
Fiji
82%
Finland
82%
Hungary
82%
Iran
82%
Lithuania
82%
Malaysia
82%
Mexico
82%
Netherlands
82%
New Zealand
82%
Panama
82%
Romania
82%
Saudi Arabia
82%
Serbia
82%
Thailand
82%
Bosnia and Herzegovina
73%
Cuba
73%
Dominica
73%
Jamaica
73%
Jordan
73%
Kuwait
73%
Liechtenstein
73%
Moldova
73%
Montenegro
73%
Singapore
73%
Armenia
64%
Bahamas
64%
Belarus
64%
Ecuador
64%
Georgia
64%
Guyana
64%
Indonesia
64%
Kazakhstan
64%
Libya
64%
North Macedonia
64%
Oman
64%
Suriname
64%
Tonga
64%
Tunisia
64%
Uruguay
64%
Uzbekistan
64%
Azerbaijan
55%
Dominican Republic
55%
Italy
55%
Palau
55%
Paraguay
55%
Saint Kitts and Nevis
55%
Saint Lucia
55%
Sri Lanka
55%
Vietnam
55%
Barbados
45%
Brunei
45%
Lebanon
45%
Malta
45%
Saint Vincent and the Grenadines
45%
Seychelles
45%
Turkmenistan
45%
Antigua and Barbuda
36%
Cyprus
36%
Grenada
36%
Maldives
36%
Mongolia
36%
Samoa
36%
Trinidad and Tobago
36%
Gabon
18%
Mauritius
18%
Palestine
0%
No matching quizzes found
Score Distribution
Percent of People with Each Score
Percentile by Number Answered
Your Score History
You have not taken this quiz since the last reset